000 00755nam a2200217 a 4500
001 000005324
005 20200929151637.0
008 090819s1992 sp 000 0 spa d
020 _a8486852226
040 _aDO-SdBNP
_bspa
_cBNPHU
082 _axxxx
_bG958a
100 1 _aGuillemard, Anne Marie
_915108
245 1 0 _aAnálisis de las políticas de vejez en Europa /
_cAnne Marie Guillemard ; prólogo Manuel Castells.
260 _aMadrid, España :
_bINSERSO,
_c1992.
300 _a200 p. ;
_c22 cm.
504 _aIncluye referencias bibliográficas y notas al pie de las páginas
504 _aBibliografía : p. 181-200
700 1 _aCastells, Manuel,
_epról.
_915109
710 1 _aInstituto Nacional de Servicios Sociales
_915110
049 _aBNPD
999 _c5125
_d5125